[Event "20. Obert Int. Sant Marti 2018 - B"]
[Site "Barcelona ESP"]
[Date "2018.07.14"]
[Round "2.9"]
[White "Pera Muntasell, Marc"]
[Black "Low, Ethan"]
[Result "1/2-1/2"]
[WhiteElo "1920"]
[BlackElo "1741"]
[PlyCount "45"]
[EventDate "2018.07.13"]
[EventType "swiss"]
[EventRounds "9"]
[EventCountry "ESP"]
[SourceTitle "Ajedrez en Madrid"]
[Source "lmi"]
[SourceDate "2018.07.13"]
[SourceVersion "1"]
[SourceVersionDate "2019.06.21"]
[SourceQuality "1"]

1. e4 c6 2. d4 d5 3. Nd2 dxe4 4. Nxe4 Bf5 5. Ng3 Bg6 6. h4 h6 7. h5 Bh7 8. Nf3
Nd7 9. Bd3 Bxd3 10. Qxd3 Ngf6 11. Bd2 Qc7 12. O-O-O e6 13. Qe2 O-O-O 14. Ne5
Nb6 15. Ba5 c5 16. dxc5 Bxc5 17. Nd3 Be7 18. Kb1 Rd5 19. Bb4 Rhd8 20. Bxe7 Qxe7
21. Ne5 Qc7 22. f4 Rd4 23. Rhf1 1/2-1/2

[Event "20. Obert Int. Sant Marti 2018 - B"]
[Site "Barcelona ESP"]
[Date "2018.07.14"]
[Round "2.10"]
[White "Mercader Rubio, Luis"]
[Black "Prats Safont, Sergi"]
[Result "0-1"]
[WhiteElo "1732"]
[BlackElo "1918"]
[PlyCount "78"]
[EventDate "2018.07.13"]
[EventType "swiss"]
[EventRounds "9"]
[EventCountry "ESP"]
[SourceTitle "Ajedrez en Madrid"]
[Source "lmi"]
[SourceDate "2018.07.13"]
[SourceVersion "1"]
[SourceVersionDate "2019.06.21"]
[SourceQuality "1"]

1. e4 c5 2. Nf3 e6 3. d4 cxd4 4. Nxd4 a6 5. Nc3 Qc7 6. Bd3 Nf6 7. Bg5 Be7 8.
O-O Nc6 9. Nxc6 bxc6 10. h3 h6 11. Bh4 O-O 12. Qe1 e5 13. Kh1 g5 14. Bg3 Nh5
15. Ne2 Nf4 16. Bc4 Bb7 17. Bb3 d5 18. exd5 cxd5 19. Rd1 Rad8 20. f3 Bc6 21.
Nxf4 gxf4 22. Bh4 Bg5 23. Bf2 e4 24. Bd4 Rfe8 25. Qc3 e3 26. Bh8 f6 27. Bxf6 e2
28. Bxd8 exf1=Q+ 29. Rxf1 Bxd8 30. Ba4 Bxa4 31. Qd4 Qc4 32. Qf2 Qe2 33. Qg1 Qe3
34. Qh2 Bh4 35. g4 Bg3 36. Qg2 Qe2 37. Qg1 Re3 38. h4 Rxf3 39. Rc1 Rf2 0-1

[Event "20. Obert Int. Sant Marti 2018 - B"]
[Site "Barcelona ESP"]
[Date "2018.07.14"]
[Round "2.11"]
[White "Volart Buil, Jordi"]
[Black "Nadal Fajardo, Ricard"]
[Result "0-1"]
[WhiteElo "1715"]
[BlackElo "1894"]
[PlyCount "60"]
[EventDate "2018.07.13"]
[EventType "swiss"]
[EventRounds "9"]
[EventCountry "ESP"]
[SourceTitle "Ajedrez en Madrid"]
[Source "lmi"]
[SourceDate "2018.07.13"]
[SourceVersion "1"]
[SourceVersionDate "2019.06.21"]
[SourceQuality "1"]

1. d4 Nf6 2. c4 c6 3. Nc3 d5 4. cxd5 cxd5 5. Nf3 Nc6 6. a3 g6 7. b4 Bg7 8. h3
Ne4 9. Bb2 O-O 10. e3 Nxc3 11. Bxc3 Bf5 12. Be2 Rc8 13. Rc1 Be4 14. O-O Bxf3
15. Bxf3 e6 16. Qb3 Ne7 17. Be2 Nf5 18. Bd2 Qg5 19. Rxc8 Rxc8 20. Rc1 Rxc1+ 21.
Bxc1 Nxd4 22. Qd1 Nxe2+ 23. Qxe2 Qf5 24. f3 Qb1 25. Qd2 Qb3 26. Kf2 Bc3 27. Qd3
Qa2+ 28. Kg3 Be5+ 29. f4 Bf6 30. Kf3 h5 0-1

[Event "20. Obert Int. Sant Marti 2018 - B"]
[Site "Barcelona ESP"]
[Date "2018.07.14"]
[Round "2.12"]
[White "Poyato Ruiz, Fernando"]
[Black "Grasa Solanas, Oscar"]
[Result "1-0"]
[WhiteElo "1894"]
[BlackElo "1732"]
[PlyCount "59"]
[EventDate "2018.07.13"]
[EventType "swiss"]
[EventRounds "9"]
[EventCountry "ESP"]
[SourceTitle "Ajedrez en Madrid"]
[Source "lmi"]
[SourceDate "2018.07.13"]
[SourceVersion "1"]
[SourceVersionDate "2019.06.21"]
[SourceQuality "1"]

1. d4 Nf6 2. c4 g6 3. Nc3 d5 4. cxd5 Nxd5 5. e4 Nxc3 6. bxc3 Bg7 7. Bc4 c5 8.
Ne2 Nc6 9. Be3 Qa5 10. O-O cxd4 11. cxd4 O-O 12. Rc1 Bg4 13. f3 Bd7 14. Bb3
Rac8 15. Rc5 Qd8 16. Qd2 Re8 17. Rfc1 b6 18. R5c3 Na5 19. Rxc8 Bxc8 20. Ba4 Bd7
21. Bxd7 Qxd7 22. Qc2 h6 23. d5 e6 24. Nf4 exd5 25. Nxd5 Kh7 26. Qd2 Rd8 27.
Bd4 Qe6 28. Bxg7 Kxg7 29. Qd4+ Kg8 30. Nf6+ 1-0

[Event "20. Obert Int. Sant Marti 2018 - B"]
[Site "Barcelona ESP"]
[Date "2018.07.14"]
[Round "2.13"]
[White "Morais Carreras, Javier"]
[Black "Esteban Lupianez, Jose Miguel"]
[Result "1-0"]
[WhiteElo "1913"]
[BlackElo "1735"]
[PlyCount "97"]
[EventDate "2018.07.13"]
[EventType "swiss"]
[EventRounds "9"]
[EventCountry "ESP"]
[SourceTitle "Ajedrez en Madrid"]
[Source "lmi"]
[SourceDate "2018.07.13"]
[SourceVersion "1"]
[SourceVersionDate "2019.06.21"]
[SourceQuality "1"]

1. e4 c5 2. Nf3 Nc6 3. Bb5 d6 4. O-O Bd7 5. Re1 e5 6. c3 Qb6 7. Bc4 h6 8. Na3
Nf6 9. h3 Be7 10. Nc2 Na5 11. Bf1 c4 12. d4 cxd3 13. Qxd3 a6 14. Be3 Qc7 15. c4
Rc8 16. Na3 Nc6 17. Nd2 O-O 18. Rab1 Nh7 19. b4 f5 20. f3 Bh4 21. Rec1 f4 22.
Bf2 Bxf2+ 23. Kxf2 Qb6+ 24. c5 dxc5 25. bxc5 Qd8 26. Rxb7 Nd4 27. Nb3 Qh4+ 28.
Kg1 Bc6 29. Rb6 Rfd8 30. Nxd4 Rxd4 31. Qb3+ Kf8 32. Nc4 Ng5 33. Rb8 Bd7 34.
Rxc8+ Bxc8 35. Qb8 Rd8 36. Qb6 Nf7 37. Nd6 Nxd6 38. cxd6 Qf6 39. Rd1 Ke8 40.
Bxa6 Bxa6 41. Qxa6 Qe6 42. Rd5 Rd7 43. Qb5 Kf7 44. Qc6 g5 45. a4 Kf6 46. a5 Qf7
47. a6 Qe6 48. Qb6 Qf7 49. a7 1-0

[Event "20. Obert Int. Sant Marti 2018 - B"]
[Site "Barcelona ESP"]
[Date "2018.07.14"]
[Round "2.14"]
[White "Melnik, Alexander"]
[Black "Valero Recalde, Pablo"]
[Result "1-0"]
[WhiteElo "1882"]
[BlackElo "1715"]
[PlyCount "61"]
[EventDate "2018.07.13"]
[EventType "swiss"]
[EventRounds "9"]
[EventCountry "ESP"]
[SourceTitle "Ajedrez en Madrid"]
[Source "lmi"]
[SourceDate "2018.07.13"]
[SourceVersion "1"]
[SourceVersionDate "2019.06.21"]
[SourceQuality "1"]

1. e4 d6 2. d4 Nf6 3. Bd3 e5 4. Nf3 Nbd7 5. O-O c6 6. c3 h6 7. a4 a5 8. Nbd2
Qc7 9. Re1 Be7 10. Nf1 Nf8 11. Ng3 g6 12. Be3 Ne6 13. h3 Nf4 14. Bxf4 exf4 15.
Ne2 Nh5 16. Qc2 g5 17. e5 d5 18. c4 Be6 19. cxd5 Bxd5 20. Nc3 Bxf3 21. gxf3 Qd7
22. e6 Qxd4 23. exf7+ Kf8 24. Re4 Qd7 25. Rae1 Bb4 26. Re8+ Kg7 27. R8e6 Nf6
28. Bg6 Nd5 29. Qf5 Qd8 30. Nxd5 cxd5 31. Qe5+ 1-0

[Event "20. Obert Int. Sant Marti 2018 - B"]
[Site "Barcelona ESP"]
[Date "2018.07.14"]
[Round "2.15"]
[White "Brufau Devesa, Eduard"]
[Black "Fernandez Egea, Andres"]
[Result "1-0"]
[WhiteElo "1714"]
[BlackElo "1876"]
[PlyCount "91"]
[EventDate "2018.07.13"]
[EventType "swiss"]
[EventRounds "9"]
[EventCountry "ESP"]
[SourceTitle "Ajedrez en Madrid"]
[Source "lmi"]
[SourceDate "2018.07.13"]
[SourceVersion "1"]
[SourceVersionDate "2019.06.21"]
[SourceQuality "1"]

1. e4 c5 2. Nf3 d6 3. d4 cxd4 4. Nxd4 Nf6 5. Nc3 a6 6. Be2 e5 7. Nb3 Be7 8. Be3
Qc7 9. O-O O-O 10. Rc1 Nbd7 11. h3 b5 12. f4 Bb7 13. Bf3 Rfd8 14. a3 Rac8 15.
f5 Nb6 16. Nd2 d5 17. exd5 Nbxd5 18. Nxd5 Bxd5 19. Qe1 e4 20. Be2 Bd6 21. Nb3
Bh2+ 22. Kh1 Bg3 23. Qa5 Qxa5 24. Nxa5 Be5 25. c3 Nd7 26. Rfd1 Nf6 27. Kg1 Kf8
28. Kf2 h5 29. Bg5 Bc7 30. b4 Be5 31. c4 bxc4 32. Nxc4 Bc7 33. Ne3 Bb7 34. Rxc7
Rxc7 35. Rxd8+ Ke7 36. Bxf6+ gxf6 37. Rb8 h4 38. a4 Kd6 39. Nc4+ Ke7 40. Ne3
Kd6 41. Rh8 Ke5 42. Rxh4 Rc3 43. Nc4+ Kd4 44. Nd6 Bd5 45. Nxe4 Bxe4 46. Bf3 1-0

[Event "20. Obert Int. Sant Marti 2018 - B"]
[Site "Barcelona ESP"]
[Date "2018.07.14"]
[Round "2.16"]
[White "Castro Estrella, Joan Gabriel"]
[Black "Vargas Drechsler, Carlos"]
[Result "0-1"]
[WhiteElo "1712"]
[BlackElo "1871"]
[PlyCount "40"]
[EventDate "2018.07.13"]
[EventType "swiss"]
[EventRounds "9"]
[EventCountry "ESP"]
[SourceTitle "Ajedrez en Madrid"]
[Source "lmi"]
[SourceDate "2018.07.13"]
[SourceVersion "1"]
[SourceVersionDate "2019.06.21"]
[SourceQuality "1"]

1. c4 e6 2. g3 d5 3. cxd5 exd5 4. Bg2 Nf6 5. Nf3 Bd6 6. O-O Bg4 7. d3 Nc6 8.
Nbd2 Qd7 9. Re1 O-O-O 10. a3 h5 11. Qc2 h4 12. Nxh4 Rxh4 13. gxh4 Bh3 14. Bxh3
Qxh3 15. Nf1 Ng4 16. f4 Qxh4 17. Qd2 Nd4 18. Kh1 Rh8 19. e3 Nf3 20. Qg2 Nf2+
0-1

[Event "20. Obert Int. Sant Marti 2018 - B"]
[Site "Barcelona ESP"]
[Date "2018.07.14"]
[Round "2.17"]
[White "Gorti, Atmika"]
[Black "Hovakimyan, Narek"]
[Result "0-1"]
[WhiteElo "1712"]
[BlackElo "1868"]
[PlyCount "82"]
[EventDate "2018.07.13"]
[EventType "swiss"]
[EventRounds "9"]
[EventCountry "ESP"]
[SourceTitle "Ajedrez en Madrid"]
[Source "lmi"]
[SourceDate "2018.07.13"]
[SourceVersion "1"]
[SourceVersionDate "2019.06.21"]
[SourceQuality "1"]

1. e4 c6 2. d4 d5 3. e5 Bf5 4. Bd3 Bxd3 5. Qxd3 e6 6. Ne2 Nd7 7. Nbc3 c5 8. f4
Nh6 9. Be3 c4 10. Qd2 Bb4 11. O-O Nf5 12. Bf2 a6 13. Ng3 g6 14. Qe2 Qa5 15. Nd1
h5 16. Nxf5 gxf5 17. Bh4 Be7 18. Bxe7 Kxe7 19. Ne3 Qb6 20. c3 h4 21. Rab1 Qa5
22. Ra1 b5 23. Qc2 Qc7 24. Nxf5+ exf5 25. Qxf5 Rag8 26. Rae1 Qc6 27. Qh3 Qg6
28. Qf3 Nb6 29. f5 Qg4 30. Qf2 Rh5 31. Re3 Rhg5 32. Re2 Qh3 33. Kh1 Rxg2 34.
Qxg2 Rxg2 35. Rxg2 Qd3 36. f6+ Ke6 37. Rff2 h3 38. Rg8 Qb1+ 39. Rg1 Qe4+ 40.
Rgg2 hxg2+ 41. Rxg2 Na4 0-1

[Event "20. Obert Int. Sant Marti 2018 - B"]
[Site "Barcelona ESP"]
[Date "2018.07.14"]
[Round "2.18"]
[White "Valarezzo Ricard, Pedro"]
[Black "Cabrera Marmol, Manuel"]
[Result "1-0"]
[WhiteElo "1866"]
[BlackElo "1714"]
[PlyCount "103"]
[EventDate "2018.07.13"]
[EventType "swiss"]
[EventRounds "9"]
[EventCountry "ESP"]
[SourceTitle "Ajedrez en Madrid"]
[Source "lmi"]
[SourceDate "2018.07.13"]
[SourceVersion "1"]
[SourceVersionDate "2019.06.21"]
[SourceQuality "1"]

1. d4 c5 2. d5 Nf6 3. Nc3 d6 4. Bg5 e5 5. e4 Be7 6. Nge2 Bg4 7. f3 Bd7 8. h4 h6
9. Be3 Nh5 10. Bf2 Qb6 11. g4 Nf6 12. Qc1 Na6 13. Ng3 O-O-O 14. a3 Nc7 15. b4
Nb5 16. Na4 Qc7 17. Bxb5 Bxb5 18. Nc3 Bd7 19. bxc5 dxc5 20. Qb2 Ne8 21. Rb1 Nd6
22. h5 Bg5 23. Qb3 Qa5 24. O-O g6 25. a4 Bf4 26. hxg6 fxg6 27. Nge2 g5 28. Nb5
Nxb5 29. axb5 Kb8 30. Nxf4 gxf4 31. Bxc5 Rc8 32. Bd6+ Ka8 33. Bxe5 Qb6+ 34. Kg2
Rhg8 35. Bxf4 Bxg4 36. fxg4 Rxg4+ 37. Bg3 Qg6 38. Rbe1 h5 39. Qf3 h4 40. Qf5
Rxg3+ 41. Kh1 Qe8 42. Re2 Rg8 43. d6 Rd8 44. Qd5 h3 45. Rf7 Rb8 46. d7 Qd8 47.
Qf5 Qb6 48. Rf2 h2 49. Rf8 Qh6 50. Rxb8+ Rxb8 51. Qf4 Qh5 52. Qxb8+ 1-0

[Event "20. Obert Int. Sant Marti 2018 - B"]
[Site "Barcelona ESP"]
[Date "2018.07.14"]
[Round "2.19"]
[White "Jimenez Molina, Victor"]
[Black "Santos Ramos, Carlos"]
[Result "0-1"]
[WhiteElo "1710"]
[BlackElo "1866"]
[PlyCount "56"]
[EventDate "2018.07.13"]
[EventType "swiss"]
[EventRounds "9"]
[EventCountry "ESP"]
[SourceTitle "Ajedrez en Madrid"]
[Source "lmi"]
[SourceDate "2018.07.13"]
[SourceVersion "1"]
[SourceVersionDate "2019.06.21"]
[SourceQuality "1"]

1. e4 e5 2. Nf3 Nc6 3. Bb5 d6 4. d4 exd4 5. Bxc6+ bxc6 6. Qxd4 c5 7. Qd3 h6 8.
Nc3 c6 9. Be3 Be7 10. O-O-O Qb6 11. e5 d5 12. Na4 Qb4 13. b3 a5 14. c4 Ba6 15.
e6 Nf6 16. exf7+ Kf8 17. Ne5 dxc4 18. Qf5 cxb3 19. Ng6+ Kxf7 20. Nxe7 bxa2 21.
Qg6+ Kxe7 22. Bxc5+ Qxc5+ 23. Nxc5 a1=Q+ 24. Kc2 Qa2+ 25. Kc3 Qc4+ 26. Kb2
Rab8+ 27. Ka1 Qc3+ 28. Ka2 Qb2# 0-1

[Event "20. Obert Int. Sant Marti 2018 - B"]
[Site "Barcelona ESP"]
[Date "2018.07.14"]
[Round "2.20"]
[White "Vicente Soriano, Josep"]
[Black "Costa Trave, Jaume"]
[Result "0-1"]
[WhiteElo "1701"]
[BlackElo "1862"]
[PlyCount "104"]
[EventDate "2018.07.13"]
[EventType "swiss"]
[EventRounds "9"]
[EventCountry "ESP"]
[SourceTitle "Ajedrez en Madrid"]
[Source "lmi"]
[SourceDate "2018.07.13"]
[SourceVersion "1"]
[SourceVersionDate "2019.06.21"]
[SourceQuality "1"]

1. e4 e6 2. d4 d5 3. exd5 exd5 4. Nf3 c6 5. Be2 Bd6 6. O-O Ne7 7. Ne5 Nd7 8. f4
Nf6 9. c4 a6 10. c5 Bc7 11. Nc3 O-O 12. Bf3 b6 13. Na4 bxc5 14. Nxc5 Bd6 15.
Be3 Rb8 16. b3 Qc7 17. Rc1 Qa5 18. Qd2 Qb4 19. Qxb4 Rxb4 20. a3 Rb6 21. b4 Bxe5
22. fxe5 Ne8 23. Be2 Nc7 24. Bd3 Ne6 25. Nxe6 Bxe6 26. Rc5 h6 27. Rfc1 Ra8 28.
Ra5 Nf5 29. Bxf5 Bxf5 30. Bd2 Bd3 31. Rac5 Bc4 32. Re1 Re8 33. a4 Re6 34. h3
Rb8 35. Re3 Rbe8 36. b5 axb5 37. axb5 cxb5 38. Rg3 Kh7 39. Rc7 R8e7 40. Rxe7
Rxe7 41. Bb4 Ra7 42. Bf8 g5 43. Rf3 Rb7 44. Rf6 b4 45. Rf2 b3 46. Ba3 Bd3 47.
Rb2 Bc2 48. Kf2 Kg6 49. g4 h5 50. Kg3 Rb6 51. Bc5 Rc6 52. Bb4 Rc4 0-1

[Event "20. Obert Int. Sant Marti 2018 - B"]
[Site "Barcelona ESP"]
[Date "2018.07.14"]
[Round "2.21"]
[White "Castillo Dalmau, Arnau"]
[Black "Roche Peris, Eduard"]
[Result "1-0"]
[WhiteElo "1862"]
[BlackElo "1705"]
[PlyCount "93"]
[EventDate "2018.07.13"]
[EventType "swiss"]
[EventRounds "9"]
[EventCountry "ESP"]
[SourceTitle "Ajedrez en Madrid"]
[Source "lmi"]
[SourceDate "2018.07.13"]
[SourceVersion "1"]
[SourceVersionDate "2019.06.21"]
[SourceQuality "1"]

1. e4 e5 2. Nf3 Nf6 3. Nxe5 Nxe4 4. Qe2 Qe7 5. Qxe4 d6 6. d4 dxe5 7. dxe5 Nc6
8. Bb5 Bd7 9. O-O a6 10. Ba4 O-O-O 11. f4 f5 12. Qe2 Nxe5 13. Qxe5 Bxa4 14.
Qxf5+ Kb8 15. b3 Qc5+ 16. Qxc5 Bxc5+ 17. Kh1 Bb5 18. c4 Bxc4 19. bxc4 Bd4 20.
Nc3 Bxc3 21. Rb1 Rhe8 22. Bb2 Bxb2 23. Rxb2 c5 24. g3 Rd4 25. Rfb1 Re7 26. Rc2
Kc7 27. Rcb2 Kc6 28. Rb6+ Kd7 29. Rxb7+ Ke8 30. Rxe7+ Kxe7 31. Rb6 Rxc4 32.
Rxa6 Rc2 33. a4 c4 34. a5 c3 35. Rc6 Kd7 36. Rc4 Kd6 37. a6 Kd5 38. a7 Kxc4 39.
a8=Q Rc1+ 40. Kg2 c2 41. Qc6+ Kb3 42. Qb7+ Kc3 43. Qxg7+ Kd2 44. Qd4+ Ke1 45.
Qe3+ Kd1 46. Qd3+ Ke1 47. Kf3 1-0

[Event "20. Obert Int. Sant Marti 2018 - B"]
[Site "Barcelona ESP"]
[Date "2018.07.14"]
[Round "2.22"]
[White "Cano Vila, Eduard"]
[Black "Vives Cabau, Jordi"]
[Result "1-0"]
[WhiteElo "1694"]
[BlackElo "1859"]
[PlyCount "93"]
[EventDate "2018.07.13"]
[EventType "swiss"]
[EventRounds "9"]
[EventCountry "ESP"]
[SourceTitle "Ajedrez en Madrid"]
[Source "lmi"]
[SourceDate "2018.07.13"]
[SourceVersion "1"]
[SourceVersionDate "2019.06.21"]
[SourceQuality "1"]

1. d4 e6 2. e4 d5 3. e5 c5 4. c3 Qb6 5. Nf3 Nc6 6. a3 c4 7. Nbd2 Bd7 8. b3 cxb3
9. Nxb3 Na5 10. Nxa5 Qxa5 11. Bd2 Qc7 12. Bd3 Ne7 13. O-O Ng6 14. Ng5 Be7 15.
f4 h6 16. Nxf7 Kxf7 17. Qh5 Kg8 18. Bxg6 Rf8 19. g4 Bb5 20. Rf2 Qd8 21. Rb1 Ba6
22. Rg2 Bxa3 23. f5 Qe7 24. Kh1 Qd7 25. f6 gxf6 26. Bxh6 fxe5 27. Ra1 Rf1+ 28.
Rxf1 Bxf1 29. Rf2 Rxh6 30. Qxh6 Qg7 31. Bf7+ Qxf7 32. Rxf7 Kxf7 33. dxe5 Bb5
34. Qf6+ Kg8 35. Qxe6+ Kg7 36. Qf6+ Kg8 37. Qd8+ Kg7 38. e6 Bc6 39. e7 d4+ 40.
Kg1 dxc3 41. e8=Q Bxe8 42. Qxe8 c2 43. Qe5+ Kg8 44. Qb8+ Bf8 45. Qc7 b5 46.
Qxc2 b4 47. Qa2+ 1-0

[Event "20. Obert Int. Sant Marti 2018 - B"]
[Site "Barcelona ESP"]
[Date "2018.07.14"]
[Round "2.23"]
[White "Corominas Garrido, Jordi"]
[Black "Mas Sayos, Lluis"]
[Result "1-0"]
[WhiteElo "1853"]
[BlackElo "1687"]
[PlyCount "99"]
[EventDate "2018.07.13"]
[EventType "swiss"]
[EventRounds "9"]
[EventCountry "ESP"]
[SourceTitle "Ajedrez en Madrid"]
[Source "lmi"]
[SourceDate "2018.07.13"]
[SourceVersion "1"]
[SourceVersionDate "2019.06.21"]
[SourceQuality "1"]

1. c4 c5 2. Nf3 Nc6 3. g3 g6 4. Bg2 Bg7 5. O-O Nf6 6. d4 cxd4 7. Nxd4 O-O 8.
Nc3 d6 9. Nxc6 bxc6 10. Bxc6 Rb8 11. Bg2 Qa5 12. Qc2 Nd7 13. Bd2 Qa6 14. b3 Bb7
15. Bxb7 Qxb7 16. Rad1 Rbc8 17. Qe4 Qxe4 18. Nxe4 f5 19. Ng5 Nc5 20. Be3 h6 21.
Bxc5 hxg5 22. Bd4 a5 23. Bxg7 Kxg7 24. Rd5 a4 25. Rb5 axb3 26. axb3 Rb8 27.
Rxb8 Rxb8 28. Rb1 Kf6 29. Kf1 Ke5 30. e3 Rh8 31. Ke2 Rxh2 32. b4 Ke6 33. b5 Kd7
34. Ra1 Rh8 35. Ra7+ Ke6 36. Kd3 Rh1 37. Kc2 Rh8 38. Kc3 Rh1 39. Kb4 g4 40. Rc7
Rb1+ 41. Ka5 Ra1+ 42. Kb6 Ra2 43. Kb7 Rxf2 44. b6 g5 45. Kc6 Rc2 46. b7 Rxc4+
47. Kb5 Re4 48. b8=Q Rxe3 49. Qc8+ Kf6 50. Qf8+ 1-0

[Event "20. Obert Int. Sant Marti 2018 - B"]
[Site "Barcelona ESP"]
[Date "2018.07.14"]
[Round "2.24"]
[White "Romero Funieles, Rafael"]
[Black "Morales Rubiella, Albert"]
[Result "1-0"]
[WhiteElo "1725"]
[BlackElo "1396"]
[PlyCount "87"]
[EventDate "2018.07.13"]
[EventType "swiss"]
[EventRounds "9"]
[EventCountry "ESP"]
[SourceTitle "Ajedrez en Madrid"]
[Source "lmi"]
[SourceDate "2018.07.13"]
[SourceVersion "1"]
[SourceVersionDate "2019.06.21"]
[SourceQuality "1"]

1. e4 c5 2. Nf3 Nc6 3. Bc4 e6 4. O-O d5 5. exd5 exd5 6. Re1+ Be6 7. Bb5 a6 8.
Bxc6+ bxc6 9. d4 Nf6 10. Ng5 Qd6 11. dxc5 Qxc5 12. Nxe6 fxe6 13. Rxe6+ Kf7 14.
Re1 Bd6 15. Nc3 Rhe8 16. Rxe8 Rxe8 17. Bg5 d4 18. Bxf6 gxf6 19. Ne2 Bxh2+ 20.
Kf1 Qb5 21. Qd3 Qxd3 22. cxd3 Bc7 23. Rc1 Bb6 24. Rxc6 Re6 25. Rc4 Rd6 26. b3
a5 27. Ng3 Re6 28. Ne4 Ke7 29. g3 h6 30. a3 Kf7 31. Nd2 Ke7 32. Nf3 Rd6 33. Nh4
Ke6 34. b4 a4 35. b5 Rd5 36. Rb4 Ba5 37. Rxa4 Rxb5 38. Rxd4 Rb3 39. a4 Rb1+ 40.
Kg2 Rb3 41. Ng6 Kf7 42. Nf4 Rb7 43. Rd5 Bc7 44. Rd7+ 1-0

[Event "20. Obert Int. Sant Marti 2018 - B"]
[Site "Barcelona ESP"]
[Date "2018.07.14"]
[Round "2.25"]
[White "San Isidoro Castillo, Josep"]
[Black "Palau Soriano, Ricard"]
[Result "0-1"]
[WhiteElo "1377"]
[BlackElo "1637"]
[PlyCount "50"]
[EventDate "2018.07.13"]
[EventType "swiss"]
[EventRounds "9"]
[EventCountry "ESP"]
[SourceTitle "Ajedrez en Madrid"]
[Source "lmi"]
[SourceDate "2018.07.13"]
[SourceVersion "1"]
[SourceVersionDate "2019.06.21"]
[SourceQuality "1"]

1. d4 Nf6 2. Nf3 e6 3. c3 d5 4. Bf4 c5 5. e3 Nc6 6. Nbd2 c4 7. b3 b5 8. bxc4
bxc4 9. Rb1 Qa5 10. Qc2 Nh5 11. Bg5 Be7 12. Bxe7 Nxe7 13. Ne5 Nf6 14. Be2 O-O
15. O-O Qc7 16. f4 Nd7 17. Ndf3 Nf5 18. Qd2 Nf6 19. Bd1 Ne4 20. Qc1 f6 21. Ng4
Qa5 22. a3 Qxc3 23. Qxc3 Nxc3 24. Rb2 h5 25. Nf2 Nxe3 0-1

[Event "20. Obert Int. Sant Marti 2018 - B"]
[Site "Barcelona ESP"]
[Date "2018.07.14"]
[Round "2.26"]
[White "Martinez Torras, Pol"]
[Black "Gonzalez Lafita, Oscar"]
[Result "1/2-1/2"]
[WhiteElo "1675"]
[BlackElo "1849"]
[PlyCount "101"]
[EventDate "2018.07.13"]
[EventType "swiss"]
[EventRounds "9"]
[EventCountry "ESP"]
[SourceTitle "Ajedrez en Madrid"]
[Source "lmi"]
[SourceDate "2018.07.13"]
[SourceVersion "1"]
[SourceVersionDate "2019.06.21"]
[SourceQuality "1"]

1. e4 c5 2. Nf3 d6 3. Bb5+ Bd7 4. Bxd7+ Nxd7 5. O-O g6 6. c3 Ngf6 7. Re1 Bg7 8.
d4 Qc7 9. h3 Rd8 10. Bf4 Qb6 11. Qb3 O-O 12. e5 Qxb3 13. axb3 Nd5 14. Bh2 dxe5
15. dxe5 a6 16. Nbd2 Nc7 17. Nc4 Ne6 18. Na5 Rb8 19. Red1 Nb6 20. Nc4 Nxc4 21.
bxc4 Rfd8 22. Rd5 Bh6 23. Rad1 b5 24. Rxd8+ Rxd8 25. Rxd8+ Nxd8 26. cxb5 axb5
27. b3 Kf8 28. Kf1 Ke8 29. Ke2 Kd7 30. Kd3 Ne6 31. c4 Kc6 32. Ne1 Bf4 33. Bxf4
Nxf4+ 34. Ke4 Ne2 35. Nd3 Nd4 36. Nc1 b4 37. g4 f6 38. f4 f5+ 39. gxf5 gxf5+
40. Ke3 Kd7 41. Kf2 Ke6 42. Ke3 Kf7 43. Kf2 Kg6 44. Kg3 Kh5 45. Kf2 Kh4 46. Kg2
h6 47. Kh2 Nf3+ 48. Kg2 Nd4 49. Kh2 Nf3+ 50. Kg2 Nd4 51. Kh2 1/2-1/2

[Event "20. Obert Int. Sant Marti 2018 - B"]
[Site "Barcelona ESP"]
[Date "2018.07.14"]
[Round "2.27"]
[White "Carricondo Fernandez, Vicente"]
[Black "Salazar Navas, Josep"]
[Result "1-0"]
[WhiteElo "1845"]
[BlackElo "1677"]
[PlyCount "55"]
[EventDate "2018.07.13"]
[EventType "swiss"]
[EventRounds "9"]
[EventCountry "ESP"]
[SourceTitle "Ajedrez en Madrid"]
[Source "lmi"]
[SourceDate "2018.07.13"]
[SourceVersion "1"]
[SourceVersionDate "2019.06.21"]
[SourceQuality "1"]

1. e4 d5 2. exd5 Nf6 3. Nc3 Nxd5 4. Bc4 Nb6 5. Be2 Nc6 6. Nf3 Bf5 7. O-O e6 8.
d3 Be7 9. Be3 O-O 10. Ne4 Nd5 11. Bd2 Re8 12. a3 a5 13. c3 a4 14. Qc2 Nb6 15.
Rad1 Na5 16. Be3 c6 17. Nc5 Nbc4 18. Qc1 Bxc5 19. dxc4 Qb6 20. Bxc5 Qxc5 21.
Qf4 Bc2 22. Rd7 Bg6 23. Rfd1 h6 24. Ne5 Rf8 25. Rc7 Rfd8 26. Rxd8+ Rxd8 27.
Nxg6 Qf5 28. Ne7+ 1-0

[Event "20. Obert Int. Sant Marti 2018 - B"]
[Site "Barcelona ESP"]
[Date "2018.07.14"]
[Round "2.28"]
[White "Domenche Redondo, Francesc"]
[Black "Colom Andres, Xavier"]
[Result "1/2-1/2"]
[WhiteElo "1652"]
[BlackElo "1838"]
[PlyCount "57"]
[EventDate "2018.07.13"]
[EventType "swiss"]
[EventRounds "9"]
[EventCountry "ESP"]
[SourceTitle "Ajedrez en Madrid"]
[Source "lmi"]
[SourceDate "2018.07.13"]
[SourceVersion "1"]
[SourceVersionDate "2019.06.21"]
[SourceQuality "1"]

1. d4 d5 2. Nf3 Nf6 3. Bf4 c5 4. c3 Nc6 5. e3 Qb6 6. Qb3 c4 7. Qxb6 axb6 8.
Nbd2 Bf5 9. Ne5 e6 10. Be2 b5 11. O-O b4 12. Nxc6 bxc6 13. cxb4 Bxb4 14. Nf3
O-O 15. Ne5 Rfc8 16. a3 Ba5 17. g4 Bd3 18. Nxd3 cxd3 19. Bxd3 Nxg4 20. f3 Nf6
21. b4 Bd8 22. Rfc1 Nd7 23. a4 Be7 24. Rcb1 f6 25. Bg3 e5 26. Bf5 Rd8 27. Bxd7
Rxd7 28. dxe5 Rb7 29. exf6 1/2-1/2

[Event "20. Obert Int. Sant Marti 2018 - B"]
[Site "Barcelona ESP"]
[Date "2018.07.14"]
[Round "2.29"]
[White "Gallego Montes, Antoni"]
[Black "Pereda Villalba, Julian"]
[Result "0-1"]
[WhiteElo "1837"]
[BlackElo "1669"]
[PlyCount "86"]
[EventDate "2018.07.13"]
[EventType "swiss"]
[EventRounds "9"]
[EventCountry "ESP"]
[SourceTitle "Ajedrez en Madrid"]
[Source "lmi"]
[SourceDate "2018.07.13"]
[SourceVersion "1"]
[SourceVersionDate "2019.06.21"]
[SourceQuality "1"]

1. d4 Nf6 2. Nf3 d5 3. Bg5 h6 4. Bh4 c6 5. Nbd2 Bf5 6. e3 Nbd7 7. c4 e6 8. Bxf6
Nxf6 9. Ne5 Bd6 10. f4 Bb4 11. g3 Ne4 12. Nef3 Bg4 13. Qa4 Qa5 14. Qxa5 Bxa5
15. O-O-O Bxd2+ 16. Nxd2 Bxd1 17. Nxe4 Bf3 18. Nf2 Bxh1 19. Nxh1 Ke7 20. Nf2 f6
21. Kd2 f5 22. Nd3 Rhg8 23. Ne5 g5 24. c5 g4 25. b4 Kd8 26. a4 h5 27. b5 Kc7
28. a5 Rg7 29. Kc1 Rh8 30. a6 cxb5 31. axb7 Kxb7 32. Bxb5 Kc7 33. Nc6 a6 34.
Ba4 h4 35. Nb4 hxg3 36. hxg3 Ra8 37. Nc6 Rh7 38. Ne5 Rb8 39. Kd2 Rb4 40. Be8
Rb3 41. Ba4 Ra3 42. Bc2 Rh2+ 43. Kc1 Rc3 0-1